Revolución (Record no. 100654)

MARC details
000 -LEADER
campo de control de longitud fija 00686nam a2200205 i 4500
001 - NÚMERO DE CONTROL
campo de control 100654
003 - IDENTIFICADOR DE NÚMERO DE CONTROL
campo de control ES-MaACL
005 - FECHA Y HORA DE LA ÚLTIMA TRANSACCIÓN
campo de control 20230906182721.0
007 - CAMPO FIJO DE DESCRIPCIÓN FÍSICA--INFORMACIÓN GENERAL
campo de control de longitud fija t|
008 - DATOS DE LONGITUD FIJA--INFORMACIÓN GENERAL
campo de control de longitud fija 051004s1972 sp ||||1| spa d
100 1# - ENTRADA PRINCIPAL--NOMBRE DE PERSONA
Nombre de persona Masina, Ettore.
9 (RLIN) 78723
245 10 - MENCIÓN DEL TÍTULO
Título Revolución
Resto del título : magisterio, teología y mundo moderno /
Mención de responsabilidad, etc. Ettore Masina, José M. Díez-Alegría, Enrico Chiavacci; [tradujo Joaquín G. Carrasco].
260 ## - PUBLICACIÓN, DISTRIBUCIÓN, ETC.
Lugar de publicación, distribución, etc. Pamplona :
Nombre del editor, distribuidor, etc. Dinor,
Fecha de publicación, distribución, etc. 1972.
300 ## - DESCRIPCIÓN FÍSICA
Extensión 201 p. ;
Dimensiones 18 cm.
700 1# - ENTRADA AGREGADA--NOMBRE PERSONAL
Nombre de persona Díez Alegría, José María.
9 (RLIN) 182604
700 1# - ENTRADA AGREGADA--NOMBRE PERSONAL
Nombre de persona Chiavacci, Enrico.
9 (RLIN) 38473
700 1# - ENTRADA AGREGADA--NOMBRE PERSONAL
Nombre de persona Carrasco, Joaquín G.
9 (RLIN) 35529
852 ## - LOCALIZACIÓN
Ubicación ES-MaACL
Número de control de estantería C-47636
Sublocalización o colección R.80657
Holdings
Estatus retirado Estado de pérdida Estado de daño No para préstamo Biblioteca de origen Biblioteca actual Ubicación en estantería Fecha de adquisición Fuente de adquisición Total de préstamos Signatura topográfica completa Código de barras Visto por última vez Precio de reemplazo Tipo de ítem Koha
        Biblioteca del Ateneo de Madrid Biblioteca del Ateneo de Madrid Depósito 2 17/01/2008     C-47636 1105087 23/02/2023 23/02/2023 Libro impreso